000 00396nam a22001577a 4500
020 _a0-330-37454-0
082 _a823
_bDAL/N
100 _aDALE, JENNY
245 _aNELL THE NAUGHTY KITTEN
_bSHORT STORY
246 _aNELL THE NAUGHTY KITTEN
_bSHORT STORY
260 _aLONDON
_bMACMILLAN CHILDREN'S BOOKS
_c1999
300 _a63
520 _aSHORT STORY
650 _aSHORT STORY
942 _cBK
999 _c2064
_d2064